000 00436nam a2200181Ia 4500
001 16172
005 20260306170250.0
008 260306t2009||||xx |||||||||||||| ||und||
041 _aESP
082 _a347L
_bL39
100 _a[Editor no identificado]
_eAUT
245 0 _aCompendio de legislación comercial
260 _c2009
300 _a947 pƔginas :
_c20 cm.
650 _aGEN
654 _aCDE
942 _cLIB
_dJUS
_fJUS
_2ddc
_n
999 _c16172
_d16172